01117nam a2200301 i 4500001000300000003000400003005001700007008003900024015001700063020001500080040001400095041001300109080000800122080000700130080001200137245009400149246006500243260005500308300006200363504003600425521009400461650003700555655003000592700001900622700003500641710004100676856009800717bgBPK20190722100457.0000228s1999 pl a f f |001 0 pol aPB 2000/5339 a8320424887 aWA NcBPK1 apolheng a504 a54 a(075.8)00aWprowadzenie do chemii środowiska /cJ. E. Andrews [et al.] ; z ang. przeł. Iwo Pollo.1 iTyt. oryg.:aIntroduction to environmental chemistry,f1996. aWarszawa :bWydawnictwa Naukowo-Techniczne,c1999. aXVIII, 234 s., [2] s. tabl. kolor. :bil., mapy ;c24 cm. aBibliogr. przy rozdz. - Indeks.8 aPodręcznik dla studentów biologii, ochrony środowiska, kierunków rolniczych i in. 4aŚrodowisko człowiekaxchemia. 4aPodręczniki akademickie1 aAndrews, J. E.1 aPollo, Iwod(1927-2005).eTł.2 aWydawnictwa Naukowo-Techniczne4pbl. uhttp://koha.tu.koszalin.pl/cgi-bin/koha/opac-detail.pl?biblionumber=40291yKatalog online BPK